=LDR 00000nam 2200000 4500 =001 INLIS000000000049455 =005 20170221091356.0 =006 =007 =008 =020 ##$$a 978-602-98631-4-7 =035 ##$$0010-021700000000247 =040 ##$$a NBPDMAT =082 ##$$a 324.095 986 5 =090 ##$$a 324.095 986 5 Muj n =100 ##$$a Mujaddid Muhas =245 ##$$a Nalar dan demokrasi / $c Mujaddid Muhas =260 ##$$a Mataram : $b Jaringan Penci, $c 2011 =300 ##$$a xii, 143 hlm . : $b ilus . ; $c 21 cm =650 ##$$a PEMILU - NTB